Špecifiká postavenia Gibraltáru v medzinárodnej politike bakalárska práca

Saved in:
Bibliographic Details
Main Author: Belušková, Laura
Corporate Author: Fakulta medzinárodných vzťahov EU. Katedra medzinárodných politických vzťahov
Other Authors: Kucharčík, Rudolf, 1977-
Format: Book
Language:Slovak
Published: Bratislava 2018
Tags: Add Tag
No Tags, Be the first to tag this record!

MARC

LEADER 00000nbm a2200000 4500
001 0244553
005 20180802074507.3
041 0 |a slo 
044 |a SK 
245 1 0 |a Špecifiká postavenia Gibraltáru v medzinárodnej politike  |b bakalárska práca  |c Laura Belušková ; školiteľ: Rudolf Kucharčík 
264 1 |a Bratislava  |c 2018 
300 |a 48 s. 
100 1 |a Belušková, Laura 
700 1 |a Kucharčík, Rudolf, 1977- 
710 2 |a Fakulta medzinárodných vzťahov EU. Katedra medzinárodných politických vzťahov